"Ich habe mir Deutschland vom Leibe zu halten versucht ": Frauen im Nationalsozialismus und der Umgang 'nachgeborener' Frauen mit dem Gedenken ; Dokumentation einer Veranstaltung am 8. Mai 1995 an der Christian-Albrechts-Universität zu Kiel

Guardado en:  
Detalles Bibliográficos
Otros Autores: Kock, Sabine (Editor)
Tipo de documento: Print Libro
Lenguaje:Alemán
Publicado: Kiel Büro der Frauenbeauftragen der Christina-Albrechts-Univ. 1998
En:Año: 1998
Edición:3. Aufl.
Verificar disponibilidad: HBZ Gateway
Servicio de pedido Subito: Pedir ahora.
Palabras clave:

MARC

LEADER 00000cam a2200000 c 4500
001 268980829
003 DE-627
005 20250829232925.0
007 tu
008 990512s1998 gw ||||| 00| ||ger c
015 |a 99,B23,0786  |2 dnb 
016 7 |a 956200982  |2 DE-101 
020 |a 3928794248  |c  : DM 9.80  |9 3-928794-24-8 
035 |a (DE-627)268980829 
035 |a (DE-576)07788938X 
035 |a (DE-599)GBV268980829 
035 |a (OCoLC)246167921 
035 |a (OCoLC)246167921 
035 |a (DE-H357)his29011 
040 |a DE-627  |b ger  |c DE-627  |e rakwb 
041 |a ger 
044 |c XA-DE 
084 |a 63  |a 64  |2 sdnb 
084 |a 15.43  |2 bkl 
245 0 0 |a "Ich habe mir Deutschland vom Leibe zu halten versucht "  |b Frauen im Nationalsozialismus und der Umgang 'nachgeborener' Frauen mit dem Gedenken ; Dokumentation einer Veranstaltung am 8. Mai 1995 an der Christian-Albrechts-Universität zu Kiel  |c Sabine Kock... (Hg.) 
250 |a 3. Aufl. 
263 |a kart. 
264 1 |a Kiel  |b Büro der Frauenbeauftragen der Christina-Albrechts-Univ.  |c 1998 
300 |a 131 S. 
336 |a Text  |b txt  |2 rdacontent 
337 |a ohne Hilfsmittel zu benutzen  |b n  |2 rdamedia 
338 |a Band  |b nc  |2 rdacarrier 
500 |a Bibliogr. und Literaturverz. S. 124 - 129 
583 1 |a Archivierung prüfen  |c 20200919  |f DE-640  |z 3  |2 pdager 
583 1 |a Archivierung prüfen  |c 20240324  |f DE-4165  |z 2  |2 pdager 
583 1 |a Archivierung/Langzeitarchivierung gewährleistet  |f PESH  |x XA-DE-SH  |2 pdager  |5 DE-68 
650 4 |a Nationalsozialismus 
650 4 |a NS 
650 4 |a Frau 
650 4 |a Alltagsgeschichte 
650 4 |a Täter 
650 4 |a Ohlendorf, Otto 
650 4 |a Überlebende 
650 4 |a Konzentrationslager 
650 4 |a KZ 
650 4 |a Holocaust 
650 4 |a Shoah 
650 4 |a Erinnerung 
650 4 |a Vergangenheitsbewältigung 
650 4 |a Vergangenheitspolitik 
655 7 |a Aufsatzsammlung  |0 (DE-588)4143413-4  |0 (DE-627)105605727  |0 (DE-576)209726091  |2 gnd-content 
655 7 |a Konferenzschrift  |0 (DE-588)1071861417  |0 (DE-627)826484824  |0 (DE-576)433375485  |2 gnd-content 
689 0 0 |d s  |0 (DE-588)4018202-2  |0 (DE-627)104270705  |0 (DE-576)208923209  |a Frau  |2 gnd 
689 0 1 |d s  |0 (DE-588)4041316-0  |0 (DE-627)106219685  |0 (DE-576)209044454  |a Nationalsozialismus  |2 gnd 
689 0 |5 DE-101 
700 1 |a Kock, Sabine  |e Hrsg.  |4 edt 
935 |a mkri 
935 |i Blocktest 
936 b k |a 15.43  |j Deutsche Geschichte des 19. Jahrhunderts bis zur Gegenwart  |0 (DE-627)181569701 
951 |a BO 
ELC |b 1 
LOK |0 000 xxxxxcx a22 zn 4500 
LOK |0 001 3097302158 
LOK |0 003 DE-627 
LOK |0 004 268980829 
LOK |0 005 19990608000000 
LOK |0 008 990608||||||||||||||||ger||||||| 
LOK |0 040   |a DE-Frei85  |c DE-627  |d DE-Frei85 
LOK |0 852   |a DE-Frei85 
LOK |0 852 1  |m p  |9 00 
LOK |0 938   |k p 
LOK |0 939   |a 08-06-99  |b l01 
ORI |a SA-MARC-krimdoka001.raw 
TIM |a 100019190101_100019451231  |b Nationalsozialismus 1919-1945